000 01360nam a2200349 a 4500
001 000112809
003 CHAP
005 20220329144322.0
008 161201s2016 mx a fsm |||||||spa d
010 _a109270
011 _a110242
040 _cCHAP
090 _aTesis
100 1 _aLuciano Valadez, Rosa Blanca
_9131306
245 1 0 _aAplicación de ácidos húmicos y fúlvicos en el rendimiento y calidad de fruto de chile manzano (Capsicum pubescens R. y P.) /
_h[En línea]
_cpor Rosa Blanca Luciano Valadez.
260 _aChapingo, Méx. :
_bEl autor,
_c2016.
500 _aPara ver el contenido del material haga clic en la liga
502 _aTesis (Agr. en Horticultura Protegida) -- UACH. Departamento de Fitotecnia
590 _aBATCH-UPD
_b05
_c20170124
_lUCH01
_h1449
590 _aE11695DGD
_b10
_c20170127
_lUCH01
_h1502
590 _aE6096MTM
_b05
_c20170124
_lUCH01
_h1448
590 _aE8697GMM
_b05
_c20161201
_lUCH01
_h1143
590 _aE8697GMM
_b05
_c20161201
_lUCH01
_h1209
650 1 4 _aÁcido fúlvico
_xEfecto en chile manzano.
_9131380
650 1 4 _aÁcido húmico
_xEfecto en chile manzano.
_9131379
650 1 4 _aChile manzano
_xCalidad.
_922446
650 1 4 _aChile manzano
_xRendimiento.
_922465
856 _aFinding aid
_uhttp://10.13.5.2/tesis/sist112809.pdf
_zTeclea aquí
901 _aBK
942 _cTESIS
942 _n0
999 _c109270
_d109270